Grootste steden in Canada - Statistieken

Algemene statistieken
  • Deze quiz is 69 keer genomen
  • De gemiddelde score is 7 van 24
Antwoordstatistieken
Bevolking Stad % Correct
1,704,694 Montréal
91%
2,731,579 Toronto
91%
631,486 Vancouver
91%
934,243 Ottawa
84%
1,239,220 Calgary
69%
932,546 Edmonton
55%
705,224 Winnipeg
40%
403,131 Halifax
18%
536,917 Hamilton
18%
215,106 Regina
18%
233,222 Saskatoon
18%
383,822 London
16%
721,599 Mississauga
16%
531,902 Quebec City
16%
232,755 Kitchener
11%
217,188 Windsor
5%
239,700 Burnaby
4%
276,245 Gatineau
4%
422,993 Laval
4%
246,376 Longueuil
4%
328,966 Markham
4%
517,887 Surrey
4%
306,233 Vaughan
4%
593,638 Brampton
2%
Geen overeenkomende quizzen gevonden
Scoreverdeling
Procent van Mensen met Elke Score
Percentiel versus Aantal Correcte Antwoorden
Uw Scoregeschiedenis
U heeft deze quiz nog niet genomen